000 00324nam a22001457a 4500
008 230616b ||||| |||| 00| 0 eng d
020 _a9780134441375
041 _aeng
080 _2TENTH EDITION
_a51
082 _a51BIT
100 _a23
101 _aMATE
245 _aELEMENTARY ALGEBRA
_cBITTINGER
942 _2udc
_cBK
999 _c59990
_d59990